Every Song by Glassjaw - Statistics

General Stats
  • This quiz has been taken 5 times
  • The average score is 29 of 54
Answer Stats
Album Song % Correct
Everything You Ever Wanted to Know About Silence(2000) Piano
100%
Everything You Ever Wanted to Know About Silence(2000) Babe
75%
Everything You Ever Wanted to Know About Silence(Bonus)(2000) Convectuoso
75%
Worship and Tribute(2002) Cosmopolitan Bloodloss
75%
Worship and Tribute(Hidden)(2002) El Mark
75%
Everything You Ever Wanted to Know About Silence(2000) Everything You Ever Wanted to Know About Silence
75%
Everything You Ever Wanted to Know About Silence(2000) Her Middle Name Was Boom
75%
Everything You Ever Wanted to Know About Silence(2000) Hurting and Shoving (She Should Have Let Me Sleep)
75%
Everything You Ever Wanted to Know About Silence(2000) Lovebites and Razorlines
75%
Everything You Ever Wanted to Know About Silence(2000) Majour
75%
Everything You Ever Wanted to Know About Silence(2000) Motel of the White Locust
75%
Worship and Tribute(2002) Mu Empire
75%
Worship and Tribute(2002) Must've Run All Day
75%
Worship and Tribute(Bonus)(2002) Oxycodone
75%
Worship and Tribute(2002) Pink Roses
75%
Everything You Ever Wanted to Know About Silence(2000) Pretty Lush
75%
Worship and Tribute(2002) Radio Cambodia
75%
Everything You Ever Wanted to Know About Silence(2000) Ry Ry's Song
75%
Everything You Ever Wanted to Know About Silence(2000) Siberian Kiss
75%
Our Color Green (The Singles)(2011) Stars
75%
Worship and Tribute(2002) Stuck Pig
75%
Worship and Tribute(2002) The Gillette Cavalcade of Sports
75%
Worship and Tribute(Bonus)(2002) The Number No Good Things Can Come Of
75%
Worship and Tribute(2002) Tip Your Bartender
75%
Worship and Tribute(2002) Trailer Park Jesus
75%
Worship and Tribute(2002) Two Tabs of Mescaline
75%
Everything You Ever Wanted to Know About Silence(2000) When One Eight Becomes Two Zeros
75%
Our Color Green (The Singles)(2011) You Think You're (John Fucking Lennon)
75%
Our Color Green (The Singles)(2011) All Good Junkies Go to Heaven
50%
Worship and Tribute(2002) Ape Dos Mil
50%
Coloring Book(2011) Black Nurse
50%
Coloring Book(2011) Daytona White
50%
Coloring Book(2011) Gold
50%
Our Color Green (The Singles)(2011) Jesus Glue
50%
Material Control(2017) Material Control
50%
Coloring Book(2011) Miracles in Inches
50%
Our Color Green (The Singles)(2011) Natural Born Farmer
50%
Coloring Book(2011) Vanilla Poltergeist Snake
50%
Material Control(2017) Bibleland
25%
Material Control(2017) Citizen
25%
Material Control(2017) Golgotha
25%
Everything You Ever Wanted to Know About Silence(Hidden)(2000) Losten
25%
Worship and Tribute(Bonus)(2002) Midwestern Stylings
25%
Material Control(2017) New White Extremity
25%
Material Control(2017) Pompeii
25%
Material Control(2017) Shira
25%
Coloring Book(2011) Stations of the New Cross
25%
Material Control(2017) Bastille Day
0%
Material Control(2017) Closer
0%
Material Control(2017) Cut and Run
0%
Worship and Tribute(Bonus)(2002) Grasper
0%
Material Control(2017) My Conscience Weighs a Ton
0%
Material Control(2017) Strange Hours
0%
Worship and Tribute(Bonus)(2002) Tewt
0%
No matching quizzes found
Score Distribution
Percent of People with Each Score
Percentile by Number Answered
Your Score History
You have not taken this quiz